LotR: The Song of Frodo and Sam - Statistics

General Stats
  • This quiz has been taken 19 times
  • The average score is 12 of 28
Answer Stats
Answer % Correct
With Dwarf and Hobbit, {Elves} and Men,
78%
Before the {dawn} he went away
67%
From {Northern} waste to Southern hill,
67%
On {journey} long without a word.
67%
When evening in the {Shire} was grey
67%
A deadly sword, a {healing} hand,
56%
Came falling like a {rain} of flowers.
56%
His {staff} was broken on the stone,
56%
Swift in {anger}, quick to laugh;
56%
Through {dragon}-lair and hidden door
56%
A back that bent beneath its {load};
44%
He stood upon the {bridge} alone
44%
His {footsteps} on the Hill were heard;
44%
The finest {rockets} ever seen:
44%
With {bird} on bough and beast in den,
44%
A lord of {wisdom} throned he sat,
33%
And Fire and Shadow both {defied};
33%
An old man in a {battered} hat
33%
His {Khazad-dum} his wisdom died.
33%
Or after thunder {golden} showers
33%
They burst in {stars} of blue and green,
33%
With mortal and immortal {folk}
33%
And darkling {woods} he walked at will.
22%
A {trumpet}-voice, a burning brand
22%
A weary {pilgrim} on the road.
22%
From {Wilderland} to Western shore,
22%
In their own secret {tongues} he spoke.
22%
Who leaned upon a {thorny} staff.
22%
No matching quizzes found
Score Distribution
Percent of People with Each Score
Percentile by Number Answered
Your Score History
You have not taken this quiz